000 00869nam a22002897a 4500
001 001161
003 DO-SdBNP
005 20180118143915.0
007 001161
008 160819b 1998 sp||||| |||| 00| 0 spa d
020 _a9788423990245
040 _aBPMSU
_bspa
_cBPMSU
092 _axxxxxxxxx
_bxxxxxxxxx
100 1 _aVillaverde, Francisco Alonso
245 1 _aCiudades /
_cFrancisco Alonso Villaverde ; traducción Xoán Manuel Lago Lestón ; ilustración Pablo Otero Peixe
260 _aMadrid :
_bEspasa,
_c1998.
300 _a86 p. :
_bil. ;
_c20 cm.
490 1 _aEspasa Juvenil
490 1 _aPoesía
_v59
700 1 2 _aLago Lestón, Xoán Manuel,
_etr.
700 1 _aOtero Peixe, Pablo,
_eil.
830 0 _aEspasa Juvenil
830 0 _aPoesía
_n59
942 _2ddc
_cBK
945 _aInventariado, 2018 /LP
956 _aBTAVÁREZ
_b10
_c20160819
_d001161
999 _c11176
_d11176